000 02187cam a2200433 4500
001 21114
005 20230410120752.0
008 060907n2004 dcu eng
020 _a0160723043
035 _9funglode21270
041 _aeng
050 1 4 _aHV 6432.7
_bN277n 2004
110 2 _aNational Commission on Terrorist Attacks upon the United States.
245 1 4 _aThe 9/11 Commission report :
_bfinal report of the National Commission on Terrorist Attacks upon the United States /
_c[Thomas H. Kean, chair, Lee H. Hamilton, vice chair].
246 3 _aNine/Eleven Commission report
246 3 0 _aFinal report of the National Commission on Terrorist Attacks upon the United States
260 _aWashington :
_bNational Commission on Terrorist Attacks upon the United States,
_c2004
300 _axviii, 567 p. :
_bill. ;
_c21 cm.
504 _aIncludes bibliographical references.
505 _a"We have some planes" -- The foundation of the new terrorism -- Counterterrorism evolves -- Responses to Al Qaeda's initial assaults -- Al Qaeda aims at the American homeland -- From threat to threat -- The attack looms -- "The system was blinking red" -- Heroism and horror -- Wartime -- Foresight--and hindsight -- What to do? A global strategy -- How to do it? A different way of organizing the government.
650 0 _aSeptember 11 Terrorist Attacks, 2001.
650 0 _aTerrorism
_xGovernment policy
_zUnited States.
650 0 _aTerrorism
_zUnited States
_xPrevention.
650 0 _aIntelligence service
_zUnited States
_xEvaluation.
650 0 _aWar on Terrorism, 2001-2009.
650 0 _aNational security
_zUnited States.
650 0 _aQaida (Organization)
650 4 _aSeptiembre 11 Ataque terrorista, 2001
650 4 _aTerrorismo
_zEstados Unidos
650 4 _aTerrorismo
_xPrevención.
650 4 _aGuerra contra el terrorismo, 2001-2009
650 4 _aServicio de inteligencia
_zEstados Unidos.
650 4 _aSeguridad nacional
_zEstados Unidos.
610 2 4 _aAl Qaeda.
700 1 _aKean, Thomas H.
700 1 _aHamilton, Lee.
856 4 1 _3Table of contents only
_uhttp://www.loc.gov/catdir/toc/fy0715/2004057564.html
942 _2lcc
_cbk
999 _c51516
_d51516